00246nam a2200109Ia 4500008004100000100001600041245002400057250000900081260002800090300000800118650001000126191201s2014 xx 000 0 und d aKHANNA, S K 0aHighway Engineering a10th c2014bNem ChandaRoorki a773 aCIVIL